00381nam a2200133Ia 4500008004100000020001500041041001200056082001600068100002000084245007900104260003500183300000800218650002100226221030s9999 xx 000 0 und d a8121913950 aEnglish a105.23bXav aS. P. E. Xavier 0aProbability Theory & Random Processes ( DEPARTMENTAL )cby S. P. E. Xavier bS.Chand & Co.aNew Delhic2002 a271 aECE Departmental